University Home | Library Home | Institutional Repository

Good-bye momma / (Record no. 159269)

MARC details
000 -LEADER
fixed length control field 00422cam3a220014500 4500
001 - CONTROL NUMBER
control field lce00104886
020 ## - INTERNATIONAL STANDARD BOOK NUMBER
International Standard Book Number 0919948189
035 ## - SYSTEM CONTROL NUMBER
System control number (Sirsi) r16580
050 ## - LIBRARY OF CONGRESS CALL NUMBER
Classification number PR 9199.3 MOO 1976
008 - FIXED-LENGTH DATA ELEMENTS--GENERAL INFORMATION
fixed length control field 760917s1976 nfc 000 1 eng d
100 1# - MAIN ENTRY--PERSONAL NAME
Personal name Moore, Tom, 1950-
Dates associated with a name Moore, Tom, 1950-
Linkage A74070.1
245 10 - TITLE STATEMENT
Title Good-bye momma /
Statement of responsibility, etc. Tom Moore.
260 ## - PUBLICATION, DISTRIBUTION, ETC.
Place of publication, distribution, etc. Portugal Cove, Nfld. :
Name of publisher, distributor, etc. Breakwater Books,
Date of publication, distribution, etc. c1976.
300 ## - PHYSICAL DESCRIPTION
Extent 70p.

No items available.

© 2026 - The University of Zambia Library - Koha v25.11